| 000 | 00962nam a2200289Ia 4500 | ||
|---|---|---|---|
| 001 | Z_1749 | ||
| 003 | CHAP | ||
| 008 | 220113s1999 xx 000 0 und d | ||
| 010 | _a164841 | ||
| 040 | _cCHAP | ||
| 090 | _aTesis L 1417 | ||
| 100 |
_aLázaro Chávez, Pablo Romeo _967370 |
||
| 245 |
_aEfecto de la grasa de sobrepaso sobre la producción de leche y peso vivo de cabras lecheras en lactancia temprana (5 meses) / _cpor Pablo Romeo Lázaro Chávez y Rosa María García Silva |
||
| 260 |
_aChapingo, Méx. : _bEl autor, _c1999 |
||
| 300 | _a62 h. | ||
| 502 | _aTesis (Ing. Agr. Esp. en Zootecnia) -- UACH. Departamento de Zootecnia | ||
| 650 |
_aGanado cabrío _xAlimentación _944990 |
||
| 650 |
_aGanado cabrío _xMejoramiento _945023 |
||
| 650 |
_aGanado cabrío _xPeso _945037 |
||
| 700 |
_aGarcía Silva, Rosa María _946629 |
||
| 901 | _aTESIS L 1417 | ||
| 902 | _aM | ||
| 910 | _a1999 | ||
| 942 | _c2 | ||
| 942 | _c2 | ||
| 999 |
_c164841 _d164841 |
||